Statistiken für Alle Minderheiten Schwedens

Klicken Sie hier um das Quiz zu spielen!

Allgemein

  • Dieses Quiz wurde 53 mal gespielt
  • Das Durchschnittsergebnis liegt bei 31 aus 42

Antwortstatistiken

BevölkerungLand% Korrekt
51,434Deutschland
100%
140,337Finnland
100%
41,062Norwegen
100%
193,594Syrien
96%
52,628Türkei
96%
22,774Russland
93%
31,035Vereinigtes Königreich
93%
38,929Dänemark
91%
93,762Polen
91%
23,290USA
91%
146,440Irak
89%
81,301Iran
89%
36,023China
85%
11,854Frankreich
85%
12,930Spanien
85%
60,858Afghanistan
83%
11,899Ukraine
83%
10,725Brasilien
80%
42,790Indien
80%
15,917Litauen
80%
11,898Marokko
80%
12,769Niederlande
80%
14,155Italien
78%
19,737Griechenland
74%
12,207Kroatien
72%
21,172Pakistan
72%
32,741Rumänien
72%
60,161Bosnien und Herzegowina
70%
15,874Serbien
70%
16,480Ungarn
70%
21,126Vietnam
65%
11,164Kosovo
57%
44,339Thailand
57%
15,640Philippinen
54%
11,719Südkorea
54%
12,279Bangladesch
48%
13,060Kolumbien
46%
70,184Somalia
46%
22,125Äthiopien
41%
28,885Libanon
41%
27,918Chile
37%
47,156Eritrea
28%

Verteilung der Resultate

Perzentil nach korrekt beantworteten Fragen

Anzahl Personen mit jedem Resultat

Ihre Resultats-Entwicklung

Sie haben dieses Quiz noch nicht gespielt